| 000 | 00723nam a2200217 a 4500 | ||
|---|---|---|---|
| 001 | 56390 | ||
| 003 | BD-RjUL | ||
| 005 | 20211209080405.0 | ||
| 008 | 161129s1957 ii ||||| |||| 00| 0 ben d | ||
| 035 | _a(BD-RjUL)56514 | ||
| 040 |
_aBD-RjUL _bben _cBD-RjUL |
||
| 041 | _aben | ||
| 082 |
_223 _a891.443 _bABU 1957 |
||
| 100 |
_aঅবধূত _9137311 |
||
| 245 | 1 | 0 |
_aউদ্ধারণপুরের ঘাট / _cঅবধূত |
| 260 |
_aকলিকাতা : _bমিত্র ও ঘোষ, _c১৯৫৭ [১৩৬৪] |
||
| 300 |
_a১৮৬ পৃ. ; _c২১ সেমি. |
||
| 650 |
_aবাংলা উপন্যাস _9167741 |
||
| 650 |
_aBengali Fictions _9167742 |
||
| 942 |
_2ddc _cBK |
||
| 999 |
_c56390 _d56390 |
||